Success in Psychology (Record no. 12438)
[ view plain ]
| 000 -LEADER | |
|---|---|
| fixed length control field | 01006cam a22002775a 4500 |
| 001 - CONTROL NUMBER | |
| control field | 18169857 |
| 003 - CONTROL NUMBER IDENTIFIER | |
| control field | 20170420111614.0 |
| 005 - DATE AND TIME OF LATEST TRANSACTION | |
| control field | 20240606081225.0 |
| 008 - FIXED-LENGTH DATA ELEMENTS--GENERAL INFORMATION | |
| fixed length control field | 140529s2014 mau 000 0 eng |
| 010 ## - LIBRARY OF CONGRESS CONTROL NUMBER | |
| LC control number | 2014942023 |
| 020 ## - INTERNATIONAL STANDARD BOOK NUMBER | |
| International Standard Book Number | 9780774734554 |
| 020 ## - INTERNATIONAL STANDARD BOOK NUMBER | |
| International Standard Book Number | 0774734558 |
| 040 ## - CATALOGING SOURCE | |
| Original cataloging agency | DLC |
| Transcribing agency | mut |
| Modifying agency | DLC |
| 042 ## - AUTHENTICATION CODE | |
| Authentication code | pcc |
| 050 ## - LIBRARY OF CONGRESS CALL NUMBER | |
| Classification number | BF76.8 |
| Item number | .V86 1996 |
| 100 ## - MAIN ENTRY--PERSONAL NAME | |
| Personal name | Vipond, Douglas |
| 245 00 - TITLE STATEMENT | |
| Title | Success in Psychology |
| Remainder of title | Writing and Research for Canadian Students |
| 260 ## - PUBLICATION, DISTRIBUTION, ETC. | |
| Place of publication, distribution, etc. | Toronto. : |
| Name of publisher, distributor, etc. | Harcourt Brace, |
| Date of publication, distribution, etc. | 1996. |
| 856 42 - ELECTRONIC LOCATION AND ACCESS | |
| Materials specified | Contributor biographical information |
| Uniform Resource Identifier | <a href="http://www.loc.gov/catdir/enhancements/fy1513/2014942023-b.html">http://www.loc.gov/catdir/enhancements/fy1513/2014942023-b.html</a> |
| 856 42 - ELECTRONIC LOCATION AND ACCESS | |
| Materials specified | Publisher description |
| Uniform Resource Identifier | <a href="http://www.loc.gov/catdir/enhancements/fy1513/2014942023-d.html">http://www.loc.gov/catdir/enhancements/fy1513/2014942023-d.html</a> |
| 856 41 - ELECTRONIC LOCATION AND ACCESS | |
| Materials specified | Table of contents only |
| Uniform Resource Identifier | <a href="http://www.loc.gov/catdir/enhancements/fy1513/2014942023-t.html">http://www.loc.gov/catdir/enhancements/fy1513/2014942023-t.html</a> |
| 906 ## - LOCAL DATA ELEMENT F, LDF (RLIN) | |
| a | 0 |
| b | ibc |
| c | origres |
| d | 2 |
| e | ncip |
| f | 20 |
| g | y-gencatlg |
| 942 ## - ADDED ENTRY ELEMENTS (KOHA) | |
| Source of classification or shelving scheme | Library of Congress Classification |
| Koha item type | Books |
| Withdrawn status | Lost status | Source of classification or shelving scheme | Damaged status | Not for loan | Home library | Current library | Shelving location | Date acquired | Source of acquisition | Total checkouts | Full call number | Barcode | Date last seen | Price effective from | Koha item type |
|---|---|---|---|---|---|---|---|---|---|---|---|---|---|---|---|
| Library of Congress Classification | Murang'a University of Technology Library | Murang'a University of Technology Library | General stacks | 29/09/2017 | Donation-TFC | BF76.8 .V86 1996 | 014362 | 30/08/2024 | 29/09/2017 | Books |